Los funerales de la mamá grande / (Registro nro. 39411)
[ vista simple ]
| 000 -CABECERA | |
|---|---|
| campo de control de longitud fija | 00555nam a2200193 a 4500 |
| 001 - NÚMERO DE CONTROL | |
| campo de control | 000039921 |
| 005 - FECHA Y HORA DE LA ÚLTIMA TRANSACCIÓN | |
| campo de control | 20240305135410.0 |
| 008 - DATOS DE LONGITUD FIJA--INFORMACIÓN GENERAL | |
| campo de control de longitud fija | 130730s1969 ag 000 0 spa d |
| 040 ## - FUENTE DE LA CATALOGACIÓN | |
| Centro catalogador/agencia de origen | DO-SdBNP |
| Lengua de catalogación | spa |
| Centro/agencia transcriptor | BNPHU |
| 100 1# - ENTRADA PRINCIPAL--NOMBRE DE PERSONA | |
| Nombre de persona | García Márquez, Gabriel, |
| Numeración | 1928-2014 |
| 9 (RLIN) | 1804 |
| 245 14 - MENCIÓN DE TÍTULO | |
| Título | Los funerales de la mamá grande / |
| Mención de responsabilidad, etc. | Gabriel García Márquez. |
| 250 ## - MENCIÓN DE EDICIÓN | |
| Mención de edición | 5a ed. |
| 260 ## - PUBLICACIÓN, DISTRIBUCIÓN, ETC. | |
| Lugar de publicación, distribución, etc. | Buenos Aires : |
| Nombre del editor, distribuidor, etc. | Sudamericana, |
| Fecha de publicación, distribución, etc. | 1969. |
| 300 ## - DESCRIPCIÓN FÍSICA | |
| Extensión | 147 p. ; |
| Dimensiones | 19 cm. |
| 490 1# - MENCIÓN DE SERIE | |
| Mención de serie | Índice |
| 490 1# - MENCIÓN DE SERIE | |
| Mención de serie | Ficción |
| 830 #0 - PUNTO DE ACCESO ADICIONAL DE SERIE-TÍTULO UNIFORME | |
| Título uniforme | Índice |
| 9 (RLIN) | 60553 |
| 830 #0 - PUNTO DE ACCESO ADICIONAL DE SERIE-TÍTULO UNIFORME | |
| Título uniforme | Ficción |
| 9 (RLIN) | 21922 |
| Estado de retiro | Estado de pérdida | Restricciones de uso | No para préstamo | Código de colección | Localización permanente | Ubicación/localización actual | Ubicación en estantería | Fecha de adquisición | Número de inventario | Total de préstamos | Signatura topográfica completa | Código de barras | Fecha visto por última vez | Precio válido a partir de | Tipo de ítem Koha | Número de copia |
|---|---|---|---|---|---|---|---|---|---|---|---|---|---|---|---|---|
| Préstamo interno | Monografías: Libros y Folletos | General | General | Depósito | 30.07.2013 | LF1 | 39921-10 | 25.06.2020 | 25.06.2020 | Préstamo interno | ||||||
| Excluido de préstamo | Monografías: Libros y Folletos | Patrimonio Dominicano | Patrimonio Dominicano | Depósito | 24.02.2015 | LF1 | 39921-20 | 25.06.2020 | 25.06.2020 | No se presta | e. 2 |
